| 000 | 00552nam a2200181 a 4500 | ||
|---|---|---|---|
| 001 | 000025528 | ||
| 005 | 20200930023844.0 | ||
| 008 | 110217s1989 dr 000 0 spa d | ||
| 040 |
_aDO-SdBNP _bspa _cBNPHU |
||
| 082 |
_axxx _bG216a |
||
| 100 | 1 |
_aGarcía Dubus, Luis _920490 |
|
| 245 | 1 | 0 |
_aÁnimo en dos minutos / _cLuis Gracía Dubus ; prólogo P. Amancio Escapa. |
| 260 |
_aSanto Domingo : _bTaller, _c1989. |
||
| 300 |
_a216 p. ; _c19 cm. |
||
| 500 | _aIncluye índice analítico | ||
| 700 | 1 |
_aEscapa, P. Amancio, _epról. _952178 |
|
| 049 | _aBNPD | ||
| 999 |
_c25020 _d25020 |
||